000 00815nam a2200265 a 4500
001 52866
003 BD-RjUL
005 20211209075855.0
008 160928s1992 enka b 001 0 eng
020 _a0030128846
035 _a(BD-RjUL) 52986
040 _aDLC
_cDLC
_dBD-RjUL
_beng
041 _aeng
082 0 0 _a629.8043
_223
_bKUD 1992
100 1 _aKuo, Benjamin C.
_9158073
245 1 0 _aDigital control systems /
_cBenjamin C. Kuo.
250 _a2nd ed.
260 _aNew York :
_bHolt, Rinehart and Winston,
_cc1992.
300 _axx, 751 p. :
_bill. ;
_c25 cm.
490 1 _aSaunders College Publishing electrical engineering
500 _aIncludes index.
650 0 _aDigital control systems.
_9158074
830 0 _aSaunders College Publishing electrical engineering.
_9196309
942 _2ddc
_cBK
999 _c52866
_d52866